[Event "FICGS rapid A 000174 email"]
[Site "FICGS email"]
[Date "2015.03.08"]
[Round "1"]
[White "Mehanovic, Adnan"]
[Black "Ocloz, Laurie"]
[Result "0-1"]
[WhiteElo "2000"]
[BlackElo "1912"]
[PlyCount "54"]
[EventDate "2015.??.??"]
[EventType "tourn (rapid)"]
[EventRounds "6"]
[SourceTitle "Corr 2022"]
[Source "ChessBase"]
[SourceDate "2021.10.24"]
[SourceVersion "1"]
[SourceVersionDate "2021.10.24"]
[SourceQuality "1"]

1. d4 Nf6 2. c4 c5 3. d5 b5 4. cxb5 a6 5. bxa6 g6 6. Nc3 Bxa6 7. g3 Bg7 8. Bg2 d6 9. Nf3 Nbd7 10. Rb1 0-0 11. 0-0 Ne8 12. Re1 Bc4 13. a4 Rb8 14. Bf4 Bxc3 15. bxc3 Rxb1 16. Qxb1 Bxd5 17. Bh6 Ng7 18. Qa1 Nf6 19. a5 Qc7 20. c4 Bc6 21. Rb1 Ra8 22. Bd2 Ne6 23. Rb3 Ne4 24. Be1 Nf8 25. a6 Ra7 26. Qa2 Qc8 27. Ra3 Nf6 0-1